Dos poemas: el bastardo y la epopeya del hombre antorcha

Sparad:
Bibliografiska uppgifter
Huvudupphovsman: Araya, Carlomagno
Materialtyp: Bok
Språk:Undetermined
Publicerad: San José, Costa Rica Imprenta Victoria 1960
Ämnen:
Taggar: Lägg till en tagg
Inga taggar, Lägg till första taggen!

MARC

LEADER 00000nam a2200000Ia 4500
008 170316s9999 xx 000 0 und d
040 |a cru BVZT 
090 |a 868 A-15d Fotocopia 
100 |a Araya, Carlomagno  |9 339 
245 |a Dos poemas: el bastardo y la epopeya del hombre antorcha  |c / Carlomagno Araya 
260 |a San José, Costa Rica  |b Imprenta Victoria  |c 1960 
300 |a 36 páginas 
650 |a LITERATURA COSTARRICENSE  |9 17 
650 |a POESÍA  |9 18 
999 |c 10663  |d 10663 
942 |c 15 D  |h 868 A-15d Fotocopia  |2 z